Desperate Housewives quiz - Statistics

General Stats
  • This quiz has been taken 2,716 times
  • The average score is 10 of 15
Answer Stats
Hint Answer % Correct
Who did Susan marry then divorce then marry again? Mike Delfino
96%
What letter does Lynette's children all start with? P
94%
Who did Gabrielle marry then divorce then marry again? Carlos Solis
93%
Who has been the narrator since the very first episode? Mary Alice Young
89%
Who was Bree's second husband? Orson Hodge
85%
Who hit Carlos' mother with their car? Andrew van De Camp
78%
Who secretly gave birth on Halloween? Danielle van de Camp
71%
Who was killed by a plane? Karl
69%
Who poisoned Rex van De Camp? George Williams
63%
Who was the first victim of the Fairview strangler? Julie
58%
What are Gabby and Carlos' daughters called? Juanita and Celia
55%
What is Tom Scavo's love child called? Kayla
50%
Who shot Paul Young? Zach
40%
Who adopted a daughter? Bob and Lee
32%
What is Susan & Mike's son MJ's real name? Maynerd
15%
No matching quizzes found
Score Distribution
Percent of People with Each Score
Percentile by Number Answered
Your Score History
You have not taken this quiz